000
00339nam a2200121 4500
008
b xx# fre u
040
_a
LB-BrCRDP
082
1
_a
741.2
_b
GUI
100
1
_a
Guillaume, Véronique
245
1
0
_a
Dessine avec des lettres
_c
Véronique Guillaume
942
_c
BK
999
_c
9976
_d
9976